000 00430nam a2200169Ia 4500
005 20250508155355.0
008 008 250505s9999 xx 000 0 eng d
037 _aBooks to be hide in OPAC
040 _aFEDL
_beng
_cFEDL
041 _aeng
_2eng
084 _a821, MIL
_qFEDL
100 _aMilve A A
_9766928
245 0 _aNow we are six
300 _a103p.
942 _cHB
_h821, MIL
999 _c1356342
_d1356342